Hilal June-2010 (Record no. 197605)
[ view plain ]
| 000 -LEADER | |
|---|---|
| fixed length control field | 00667 a2200181 4500 |
| 003 - CONTROL NUMBER IDENTIFIER | |
| control field | Nust |
| 005 - DATE AND TIME OF LATEST TRANSACTION | |
| control field | 20170207154430.0 |
| 040 ## - CATALOGING SOURCE | |
| Transcribing agency | Nust |
| 082 ## - DEWEY DECIMAL CLASSIFICATION NUMBER | |
| Classification number | 050 |
| 100 ## - MAIN ENTRY--PERSONAL NAME | |
| Personal name | Maj Gen Athar Abbas, |
| 245 ## - TITLE STATEMENT | |
| Title | Hilal June-2010 |
| Statement of responsibility, etc. | Maj Gen Athar Abbas, |
| 250 ## - EDITION STATEMENT | |
| Edition statement | 12,Vol 46 |
| 260 ## - PUBLICATION, DISTRIBUTION, ETC. | |
| Place of publication, distribution, etc. | Rawalpindi |
| Name of publisher, distributor, etc. | ISPR |
| Date of publication, distribution, etc. | 2010 |
| 300 ## - PHYSICAL DESCRIPTION | |
| Extent | Urdu 55 English 43 p.; |
| 505 ## - FORMATTED CONTENTS NOTE | |
| Formatted contents note | Food for Thought (Page-5) Azm-e-Nau Special (Page-9) View Point (Page-17) Scourge of Terrorism (Page-20) Current Affairs (Page-22) Book Corner (Page-24) Valiant Heroes (Page-19) News and Updates (Page-37) Picture Gallery (Page-42) |
| 538 ## - SYSTEM DETAILS NOTE | |
| System details note | Almirah No.137 Shelf No.5 |
| 651 ## - SUBJECT ADDED ENTRY--GEOGRAPHIC NAME | |
| Geographic name | Pakistan Armed Forces, Magazine |
| 942 ## - ADDED ENTRY ELEMENTS (KOHA) | |
| Koha item type | |
| Withdrawn status | Lost status | Source of classification or shelving scheme | Damaged status | Not for loan | Collection code | Permanent Location | Current Location | Date acquired | Total Checkouts | Full call number | Barcode | Date last seen | Price effective from | Koha item type |
|---|---|---|---|---|---|---|---|---|---|---|---|---|---|---|
| Military College of Signals (MCS) | Military College of Signals (MCS) | 12/12/2016 | 050 ABB | MCSP-32/34 | 12/08/2016 | 12/12/2016 | Book |
